01451nam a22001337a 4500003000500000020001500005082001700020100002100037245009000058250001600148260003800164300001500202505110000217NUST a8131521869 a620.0011,KHI aKhisty, C. Jotin aSystems engineering :bwith Economics, Probability and statistics /cKhisty, C. Jotin a2nd Edition aCengage LearningbNew Delhic2012 axix, 599 p aMapping the terrain of the systems approach (Page-1), Problem solving and designing in engineering and planning (Page-15), Basic engineering economics and evaluation (Page-37), Basic microeconomics for engineers and planners (Page-83), Principles of probability: Part I—Review of probability theory (Page-117), Principles of probability: Part II—Random variables and probability distributions (Page-145), Principles of probability: Part III—Joint probability functions and correlated variables (Page-175), Pprinciples of statistics: Part I—estimation of statistical parameters and testing validity of distribution functions (Page-219), Principles of statistics: Part II—hypothesis testing, analysis of variance, regression, and correlation analysis (Page-265), Basic hard systems engineering: Part-I (Page-325), Basic hard systems engineering: Part-II (Page-395), Systems thinking (Page-461), Systems thinking: case studies (Page-487), Sustainable development, sustainability, engineering and planning (Page-523), Case studies in engineering and planning for sustainability (Page-545),